000 00657cab a2200217 4500
001 L136387
008 070130n2007 000 0 eng u
035 _a(Sirsi) u136387
041 0 _aeng
100 1 _aFox, Alasdair
245 0 2 _aA reprieve for landlords?
260 _c2007
490 0 0 _aLand Business Scotland
_v17 January 2007, 17(1)
520 _aExamines recent court decisions relating to grazing leases which are likely to please landlords.
590 _aKA
650 2 4 _aAGRICULTURAL HOLDINGS (SCOTLAND) ACT 2003
650 2 4 _aBELL V INKERSALL INVESTMENTS
650 2 4 _aO'DONNELL V MCDONALD
690 _aRURAL PRACTICE
942 _n0
999 _c78264
_d78264